Aktuálne trendy vo svetovej energetike

Vplyv vývoja na svetových energetických trhoch na ekonomické pozície krajín. Cena ropy a zemného plynu spravovaná z veľkej časti OPEC. Rast spotreby ropy a jej vplyv na rastúcu cenu. Situácia na trhu so zemným plynom. Rozdrobené, regionálne izolované trhy. Medzinárodne integrovaný trh s uhlím. Dva t...

ver descrição completa

Na minha lista:
Detalhes bibliográficos
Autor principal: Bikár, Miloš, 1973-
Formato: Capítulo de Livro
Idioma:eslovaco
Assuntos:
Tags: Adicionar Tag
Sem tags, seja o primeiro a adicionar uma tag!

MARC

LEADER 00000naa$a2200000$$$4500
001 0044153
005 20240502071522.6
041 0 |a slo 
044 |a SK 
245 1 0 |a Aktuálne trendy vo svetovej energetike  |c Miloš Bikár 
520 |a Vplyv vývoja na svetových energetických trhoch na ekonomické pozície krajín. Cena ropy a zemného plynu spravovaná z veľkej časti OPEC. Rast spotreby ropy a jej vplyv na rastúcu cenu. Situácia na trhu so zemným plynom. Rozdrobené, regionálne izolované trhy. Medzinárodne integrovaný trh s uhlím. Dva trendy vo vývoji trhu s jadrovou energiou. Obnoviteľné zdroje energie a ich podiel na celkovej produkcii svetovej energetiky. 
610 2 0 |a energetika 
610 2 0 |a zdroje energie 
610 2 0 |a zdroje energie obnoviteľné 
610 2 0 |a ropa 
610 2 0 |a plyn zemný 
610 2 0 |a uhlie 
610 2 0 |a energia atómová 
610 2 0 |a trh svetový 
610 2 0 |a produkcia 
610 2 0 |a ceny 
610 2 0 |a spotreba 
100 1 |a Bikár, Miloš, 1973-